[Event "Titled Tuesday intern op 02nd Apr Early"]
[Site "Chess.com INT"]
[Date "2024.04.02"]
[Round "4"]
[White "Vigoa Apecheche, Yanira"]
[Black "Gazineu Neto, Rubens"]
[Result "1-0"]
[WhiteElo "2232"]
[BlackElo "1951"]
[PlyCount "79"]
[EventDate "2024.04.02"]
[EventType "swiss (blitz)"]
[EventRounds "11"]
[EventCountry "USA"]
[SourceTitle "CB15_2024"]
[SourceDate "2024.04.10"]
[SourceVersion "1"]
[SourceVersionDate "2024.04.10"]
[SourceQuality "1"]

1. d4 d5 2. c4 c6 3. Nc3 Nf6 4. Nf3 dxc4 5. Bg5 b5 6. e3 Nbd7 7. a4 b4 8. Na2 a5 9. Bxc4 e6 10. 0-0 Be7 11. Nc1 c5 12. Ne2 Bb7 13. Ng3 0-0 14. Rc1 Nb6 15. Bb5 cxd4 16. exd4 Rc8 17. Qe2 h6 18. Be3 Nbd5 19. Ne5 Qd6 20. Nc4 Qd8 21. Ne5 Qb6 22. Qd3 Rfd8 23. Rxc8 Rxc8 24. Qe2 Bd6 25. Nh5 Be7 26. Nxf6+ Nxf6 27. Qd2 Qd6 28. Bf4 Qd5 29. f3 b3 30. Bg3 Bb4 31. Qe3 Rd8 32. Bf2 Ba8 33. Qf4 Bb7 34. Bc4 Qd6 35. Bb5 Bd5 36. Qh4 Bd2 37. Nc4 Bg5 38. Nxd6 Bxh4 39. Ne4 Bxf2+ 40. Nxf2 1-0

[Event "Sao Paulo Sampa op"]
[Site "Sao Paulo"]
[Date "2024.02.01"]
[Round "5"]
[White "Gazineu Neto, Rubens"]
[Black "Tsuboi, Edson Kenji"]
[Result "0-1"]
[WhiteElo "1912"]
[BlackElo "2200"]
[PlyCount "92"]
[EventDate "2024.01.29"]
[EventType "swiss"]
[EventRounds "9"]
[EventCountry "BRA"]
[SourceTitle "CB06_2024"]
[SourceDate "2024.02.07"]
[SourceVersion "1"]
[SourceVersionDate "2024.02.07"]
[SourceQuality "1"]

1. e4 c5 2. Nf3 e6 3. d4 cxd4 4. Nxd4 Nc6 5. Nc3 Qc7 6. a3 a6 7. Be3 b5 8. Be2 Bb7 9. f4 d6 10. 0-0 Nf6 11. Bf3 Be7 12. Nxc6 Bxc6 13. e5 dxe5 14. Bxc6+ Qxc6 15. fxe5 Nd7 16. Qg4 0-0 17. Qg3 f5 18. Rad1 Rfd8 19. Kh1 Nf8 20. Bg5 Bxg5 21. Qxg5 Qc7 22. Rde1 Rd4 23. Qe3 Rad8 24. Re2 Ng6 25. h3 Qc6 26. Qg5 Qc7 27. Qe3 Qd7 28. Rff2 h6 29. g3 a5 30. Qf3 Kh7 31. Re3 Rc8 32. a4 bxa4 33. h4 f4 34. Re4 fxg3 35. Qxg3 Rxc3 36. Rxd4 Qxd4 37. bxc3 Qe4+ 38. Kh2 Nxe5 39. Kh3 a3 40. Rf4 Qh1+ 41. Qh2 Qd1 42. Qg2 Qd5 43. Qxd5 exd5 44. Rf1 Kg6 45. Kg3 Nc4 46. Kg4 Ne3+ 0-1

[Event "Sao Paulo Sampa op"]
[Site "Sao Paulo"]
[Date "2024.01.30"]
[Round "3"]
[White "Gazineu Neto, Rubens"]
[Black "Parijos de Melo, Luiz Claudio"]
[Result "1-0"]
[WhiteElo "1912"]
[BlackElo "1714"]
[PlyCount "63"]
[EventDate "2024.01.29"]
[EventType "swiss"]
[EventRounds "9"]
[EventCountry "BRA"]
[SourceTitle "CB06_2024"]
[SourceDate "2024.02.07"]
[SourceVersion "1"]
[SourceVersionDate "2024.02.07"]
[SourceQuality "1"]

1. c4 Nf6 2. Nf3 c5 3. g3 b6 4. Bg2 Bb7 5. 0-0 e6 6. Nc3 Be7 7. d3 0-0 8. e4 d6 9. Re1 Nbd7 10. d4 cxd4 11. Nxd4 a6 12. b3 Qc7 13. Bb2 Rac8 14. h3 Rfd8 15. Kh2 Bf8 16. Rc1 Qb8 17. Qd2 d5 18. exd5 exd5 19. cxd5 Qa8 20. Nf5 Nc5 21. Rcd1 b5 22. b4 Ncd7 23. Qg5 Qa7 24. Nh6+ Kh8 25. Nxf7+ Kg8 26. Nxd8 Rxd8 27. Ne4 Bxb4 28. Nxf6+ Nxf6 29. Bxf6 Bxd5 30. Bxd5+ Kh8 31. Bxg7+ Qxg7 32. Qxd8+ 1-0

[Event "Titled Tuesday intern op 05th Sep Late"]
[Site "Chess.com INT"]
[Date "2023.09.05"]
[Round "9"]
[White "Clawitter, Craig"]
[Black "Gazineu Neto, Rubens"]
[Result "1-0"]
[WhiteElo "2050"]
[BlackElo "1912"]
[PlyCount "119"]
[EventDate "2023.09.05"]
[EventType "swiss (blitz)"]
[EventRounds "11"]
[EventCountry "USA"]
[SourceTitle "EXT 2024"]
[Source "ChessBase"]
[SourceDate "2023.10.10"]
[SourceVersion "1"]
[SourceVersionDate "2023.10.10"]
[SourceQuality "1"]

1. e4 c5 2. Nf3 Nc6 3. d4 cxd4 4. Nxd4 Nf6 5. Nc3 e5 6. Ndb5 d6 7. Bg5 a6 8. Na3 b5 9. Bxf6 gxf6 10. Nd5 Bg7 11. Bd3 Be6 12. 0-0 f5 13. Qh5 Bxd5 14. exd5 Ne7 15. Bxf5 Nxf5 16. Qxf5 0-0 17. c4 Rb8 18. Rac1 b4 19. Nc2 b3 20. axb3 Rxb3 21. Ra1 Qb6 22. Ne3 Rxb2 23. Qg4 Qd4 24. Qxd4 exd4 25. Nf5 Rb6 26. Rad1 Rb4 27. Nxd6 Be5 28. c5 Bxd6 29. cxd6 Rd8 30. Rd3 Rxd6 31. Ra3 Rb5 32. Rfa1 Rbxd5 33. Rxa6 Rxa6 34. Rxa6 d3 35. Ra1 f5 36. Kf1 Kf7 37. Rd1 Ke6 38. f4 Kd6 39. Kf2 Kc5 40. Ke3 Kc4 41. Rc1+ Kb3 42. Kd2 Rd4 43. g3 Rd5 44. Rc3+ Kb4 45. Rxd3 Ra5 46. Rd4+ Kb3 47. Rd3+ Kc4 48. Ke3 Ra2 49. Rd2 Ra1 50. Kf2 Rh1 51. Kg2 Ra1 52. Rd7 Ra2+ 53. Kh3 Ra5 54. Rxh7 Kd4 55. Rh5 Ke4 56. Kh4 Ra2 57. h3 Ra3 58. Rh8 Ra1 59. Re8+ Kf3 60. Re5 1-0

[Event "Titled Tuesday intern op 29th Aug Early"]
[Site "Chess.com INT"]
[Date "2023.08.29"]
[Round "3"]
[White "Gazineu Neto, Rubens"]
[Black "Davidson, Kevin"]
[Result "0-1"]
[WhiteElo "1912"]
[BlackElo "2154"]
[PlyCount "56"]
[EventDate "2023.08.29"]
[EventType "swiss (blitz)"]
[EventRounds "11"]
[EventCountry "USA"]
[SourceTitle "EXT 2024"]
[Source "ChessBase"]
[SourceDate "2023.10.10"]
[SourceVersion "1"]
[SourceVersionDate "2023.10.10"]
[SourceQuality "1"]

1. e4 c5 2. Nf3 d6 3. d4 cxd4 4. Nxd4 Nf6 5. Nc3 a6 6. Be3 e5 7. Nb3 Be6 8. Qd2 Be7 9. f3 0-0 10. 0-0-0 Nbd7 11. g4 b5 12. g5 b4 13. Ne2 Ne8 14. Kb1 a5 15. h4 Nc7 16. f4 a4 17. Nbc1 exf4 18. Nxf4 Ne5 19. Be2 Qb8 20. Nd5 Nxd5 21. exd5 Bf5 22. Nd3 Nc4 23. Qc1 Rc8 24. Bd4 b3 25. c3 a3 26. bxa3 Rxa3 27. Qf4 Bxd3+ 28. Kc1 b2# 0-1

[Event "Titled Tuesday intern op 29th Aug Early"]
[Site "Chess.com INT"]
[Date "2023.08.29"]
[Round "9"]
[White "Sasvatha, A."]
[Black "Gazineu Neto, Rubens"]
[Result "1-0"]
[WhiteElo "1783"]
[BlackElo "1912"]
[PlyCount "77"]
[EventDate "2023.08.29"]
[EventType "swiss (blitz)"]
[EventRounds "11"]
[EventCountry "USA"]
[SourceTitle "EXT 2024"]
[Source "ChessBase"]
[SourceDate "2023.10.10"]
[SourceVersion "1"]
[SourceVersionDate "2023.10.10"]
[SourceQuality "1"]

1. d4 d5 2. c4 c6 3. Nc3 Nf6 4. Nf3 dxc4 5. a4 Bf5 6. e3 Nbd7 7. Bxc4 e6 8. 0-0 Bb4 9. Bd3 Bxd3 10. Qxd3 0-0 11. Rd1 a5 12. Ne4 Nxe4 13. Qxe4 Qf6 14. Bd2 Nb6 15. Bxb4 axb4 16. b3 Nd5 17. Qc2 Rfd8 18. Ne5 Qh4 19. Rdc1 f6 20. Nc4 Ne7 21. Qd2 c5 22. Qe1 cxd4 23. Qxb4 dxe3 24. Qxe7 Qxf2+ 25. Kh1 Re8 26. Qxb7 Rab8 27. Qf3 Rxb3 28. Qxf2 exf2 29. Rc2 Rb4 30. Nd2 Ra8 31. Rca2 e5 32. g3 e4 33. Kg2 e3 34. Nf3 g5 35. a5 g4 36. Nh4 Re4 37. a6 e2 38. Kxf2 Rxa6 39. Rxa6 1-0

[Event "Titled Tuesday intern op 15th Aug Late"]
[Site "Chess.com INT"]
[Date "2023.08.15"]
[Round "9"]
[White "Gazineu Neto, Rubens"]
[Black "Jahnz, Fabian"]
[Result "0-1"]
[WhiteElo "1912"]
[BlackElo "2268"]
[PlyCount "102"]
[EventDate "2023.08.15"]
[EventType "swiss (blitz)"]
[EventRounds "11"]
[EventCountry "USA"]
[SourceTitle "EXT 2024"]
[Source "ChessBase"]
[SourceDate "2023.10.10"]
[SourceVersion "1"]
[SourceVersionDate "2023.10.10"]
[SourceQuality "1"]

1. e4 c6 2. d4 d5 3. Nc3 dxe4 4. Nxe4 Nf6 5. Nxf6+ exf6 6. c3 Bd6 7. Qc2 0-0 8. Bd3 Re8+ 9. Ne2 h6 10. Be3 Nd7 11. 0-0 Nf8 12. c4 Be6 13. Rad1 a5 14. a3 Qb8 15. h3 b5 16. c5 Bc7 17. Be4 Qb7 18. Rfe1 a4 19. d5 Bxd5 20. Bxd5 cxd5 21. c6 Qa6 22. Rxd5 Bb6 23. Nc3 Bxe3 24. Rxe3 Rxe3 25. fxe3 Qxc6 26. Rxb5 Ne6 27. Qe4 Qe8 28. Rb7 Nc5 29. Qxe8+ Rxe8 30. Rc7 Re5 31. Rc8+ Kh7 32. Rc7 Kg6 33. Ra7 Rxe3 34. Nxa4 Nd3 35. Rb7 Re1+ 36. Kh2 Rb1 37. b4 f5 38. Nc3 Rb3 39. Rb6+ f6 40. Nd5 Rxa3 41. Ne7+ Kf7 42. Nxf5 Kg6 43. Ne7+ Kf7 44. Nf5 Rb3 45. b5 h5 46. Rb7+ Kg6 47. Nxg7 Rb2 48. Ne6 Ne1 49. Kg3 Rxg2+ 50. Kf4 Rb2 51. b6 Rb4+ 0-1

[Event "Titled Tuesday intern op 15th Aug Early"]
[Site "Chess.com INT"]
[Date "2023.08.15"]
[Round "5"]
[White "Gazineu Neto, Rubens"]
[Black "Shapiro, Daniel E"]
[Result "1/2-1/2"]
[WhiteElo "1912"]
[BlackElo "2284"]
[PlyCount "143"]
[EventDate "2023.08.15"]
[EventType "swiss (blitz)"]
[EventRounds "11"]
[EventCountry "USA"]
[SourceTitle "EXT 2024"]
[Source "ChessBase"]
[SourceDate "2023.10.10"]
[SourceVersion "1"]
[SourceVersionDate "2023.10.10"]
[SourceQuality "1"]

1. e4 c5 2. Nf3 d6 3. d4 cxd4 4. Nxd4 Nf6 5. Nc3 Nc6 6. Be3 e6 7. f3 a6 8. Qd2 Be7 9. Bc4 Qc7 10. Bb3 Ne5 11. g4 b5 12. g5 Nh5 13. 0-0-0 Bb7 14. Kb1 Nc4 15. Bxc4 Qxc4 16. h4 0-0-0 17. Nb3 Qc7 18. Qf2 Rd7 19. Bb6 Qb8 20. a3 h6 21. gxh6 Rxh6 22. Rhg1 g6 23. Na5 Ng7 24. Rh1 f5 25. Be3 Rh5 26. Rdg1 d5 27. Rxg6 Bd8 28. Nxb7 Qxb7 29. Rhg1 Ne8 30. Rxe6 Nc7 31. Reg6 dxe4 32. fxe4 fxe4 33. Bg5 b4 34. axb4 Qxb4 35. Rg8 Nb5 36. Nxb5 axb5 37. Rxd8+ Rxd8 38. Bxd8 Kxd8 39. Rg8+ Kc7 40. Qf7+ Kc6 41. Rg6+ Kc5 42. Qe7+ Kc4 43. b3+ Kc3 44. Qxb4+ Kxb4 45. Rg4 Re5 46. Kb2 Kc5 47. h5 e3 48. Rg1 b4 49. Re1 Kd4 50. h6 Rh5 51. Kc1 Rh2 52. h7 Rxh7 53. Kb2 Rh2 54. Kc1 Rh3 55. Kb2 Ke4 56. Kc1 Kf3 57. Kb2 e2 58. Rc1 Kf2 59. c3 e1Q 60. Rxe1 Kxe1 61. cxb4 Kd2 62. Ka3 Kc3 63. b5 Rh6 64. Ka4 Rh8 65. Ka5 Kxb3 66. b6 Kc4 67. b7 Kc5 68. Ka6 Kc6 69. Ka7 Rh7 70. Ka8 Rh8+ 71. b8Q Rxb8+ 72. Kxb8 1/2-1/2

[Event "Titled Tuesday intern op 08th Aug Late"]
[Site "Chess.com INT"]
[Date "2023.08.08"]
[Round "2"]
[White "Gazineu Neto, Rubens"]
[Black "Swicarz, Maciej"]
[Result "0-1"]
[WhiteElo "1912"]
[BlackElo "2261"]
[PlyCount "86"]
[EventDate "2023.08.08"]
[EventType "swiss (blitz)"]
[EventRounds "11"]
[EventCountry "USA"]
[SourceTitle "EXT 2024"]
[Source "ChessBase"]
[SourceDate "2023.10.10"]
[SourceVersion "1"]
[SourceVersionDate "2023.10.10"]
[SourceQuality "1"]

1. e4 c5 2. Nf3 d6 3. d4 cxd4 4. Nxd4 Nf6 5. Nc3 a6 6. Be3 e5 7. Nb3 Be7 8. f3 Be6 9. Qd2 h5 10. 0-0-0 Nbd7 11. h3 b5 12. a3 Rc8 13. Kb1 Qc7 14. Be2 Nb6 15. Na5 h4 16. f4 d5 17. fxe5 Nxe4 18. Nxe4 dxe4 19. Bg4 Nd5 20. Bd4 e3 21. Qe1 Qxc2+ 22. Ka1 Nf4 23. Bxe6 fxe6 24. Qxe3 Nxg2 25. Qf3 Rf8 26. Qh5+ g6 27. Qg4 Nf4 28. Rc1 Qxc1+ 29. Rxc1 Rxc1+ 30. Ka2 g5 31. Nb7 Rc4 32. Bc3 Rf5 33. Nd6+ Bxd6 34. exd6 Nd5 35. Qh5+ Kd7 36. Qh7+ Kxd6 37. Qa7 Nxc3+ 38. bxc3 Rxc3 39. Qxa6+ Rc6 40. Qa5 Rfc5 41. Qd2+ Ke7 42. Qf2 Rc2+ 43. Qxc2 Rxc2+ 0-1

[Event "Titled Tuesday intern op 27th Jun Early"]
[Site "Chess.com INT"]
[Date "2023.06.27"]
[Round "3"]
[White "Gazineu Neto, Rubens"]
[Black "Stojanovski, Sandi"]
[Result "0-1"]
[WhiteElo "1912"]
[BlackElo "2179"]
[PlyCount "64"]
[EventDate "2023.06.27"]
[EventType "swiss (blitz)"]
[EventRounds "11"]
[EventCountry "USA"]
[SourceTitle "EXT 2024"]
[Source "ChessBase"]
[SourceDate "2023.10.10"]
[SourceVersion "1"]
[SourceVersionDate "2023.10.10"]
[SourceQuality "1"]

1. e4 c5 2. Nf3 Nc6 3. d4 cxd4 4. Nxd4 Nf6 5. Nc3 e5 6. Ndb5 d6 7. Bg5 a6 8. Bxf6 gxf6 9. Na3 b5 10. Nd5 f5 11. c3 Bg7 12. Bd3 Be6 13. Qh5 fxe4 14. Bxe4 Ne7 15. Nxe7 Kxe7 16. Bxa8 Qxa8 17. 0-0 b4 18. cxb4 e4 19. Nc2 Bxb2 20. Rab1 Be5 21. a4 Rg8 22. b5 axb5 23. axb5 Bg4 24. Qh4+ Bf6 25. Qh6 Bf3 26. Ne3 Bg5 27. Qxh7 Bxe3 28. fxe3 Rxg2+ 29. Kh1 Rg7+ 30. Rxf3 Rxh7 31. Rf4 Qa2 32. h4 Qxb1+ 0-1